References on American colonial agriculture. (Record no. 9885)

MARC details
000 -LEADER
fixed length control field 00929cam a22002771 4500
001 - CONTROL NUMBER
control field agr38000509
003 - CONTROL NUMBER IDENTIFIER
control field DLC
005 - DATE AND TIME OF LATEST TRANSACTION
control field 20260227110957.0
008 - FIXED-LENGTH DATA ELEMENTS--GENERAL INFORMATION
fixed length control field 820209s1938 dcu b 000 0 eng c
010 ## - LIBRARY OF CONGRESS CONTROL NUMBER
LC control number agr38000509
035 ## - SYSTEM CONTROL NUMBER
System control number (OCoLC)8140930
040 ## - CATALOGING SOURCE
Original cataloging agency U.S. Dept. of Agr. Library
Transcribing agency Vi
Modifying agency Vi
-- OCoLC
-- DLC
042 ## - AUTHENTICATION CODE
Authentication code premarc
050 00 - LIBRARY OF CONGRESS CALL NUMBER
Classification number Z5075.U5
Item number E227
070 0# - NATIONAL AGRICULTURAL LIBRARY CALL NUMBER
Classification number 1.9L61Bi
Item number no. 33
086 0# - GOVERNMENT DOCUMENT CLASSIFICATION NUMBER
Classification number A 17.8:no.3
100 1# - MAIN ENTRY--PERSONAL NAME
Personal name Edwards, Everett Eugene,
Dates associated with a name 1900-
245 10 - TITLE STATEMENT
Title References on American colonial agriculture.
Statement of responsibility, etc. By Everett E. Edwards ...
260 ## - PUBLICATION, DISTRIBUTION, ETC.
Place of publication, distribution, etc. Washington, D.C.,
Date of publication, distribution, etc. 1938.
300 ## - PHYSICAL DESCRIPTION
Extent v, 101 p.
Dimensions 27 cm.
490 0# - SERIES STATEMENT
Series statement United States. Dept. of Agriculture. Library. Bibliographical contributions
Volume/sequential designation no. 33
500 ## - GENERAL NOTE
General note Mimeographed.
500 ## - GENERAL NOTE
General note Contribution from Bureau of Agricultural Economics.
650 #0 - SUBJECT ADDED ENTRY--TOPICAL TERM
Topical term or geographic name entry element Agriculture
Geographic subdivision United States
General subdivision History
Form subdivision Bibliography.
740 0# - ADDED ENTRY--UNCONTROLLED RELATED/ANALYTICAL TITLE
Uncontrolled related/analytical title Colonial agriculture.

No items available.

Powered by Koha